La chica de la nariz torcida: muerte y obsesión en la vida de un escultor forense
Guardat en:
| Autor principal: | |
|---|---|
| Format: | Llibre |
| Idioma: | espanyol |
| Publicat: |
Barcelona
Alba
2009
|
| Edició: | 1a. ed |
| Matèries: | |
| Etiquetes: |
Afegir etiqueta
Sense etiquetes, Sigues el primer a etiquetar aquest registre!
|
MARC
| LEADER | 00000cam a2200000 a 4500 | ||
|---|---|---|---|
| 001 | UCF1728 | ||
| 003 | CL-VaPUC | ||
| 008 | 120723e20090500SP |||||||||||||||||spa|d | ||
| 020 | |a 9788484284567 | ||
| 082 | 0 | 4 | |a 813 |b BOT |2 21 |
| 100 | 0 | |a Botha, Ted |e author |9 563217 | |
| 245 | 1 | 3 | |a La chica de la nariz torcida: muerte y obsesión en la vida de un escultor forense |
| 250 | |a 1a. ed | ||
| 300 | |a 294 p | ||
| 942 | |c BK | ||
| 945 | |d 20120723 00:00:00 |a dcastane | ||
| 260 | |a Barcelona |b Alba |c 2009 | ||
| 650 | 0 | |a Novelas estadounidenses |9 265217 | |
| 650 | 0 | |a Literatura estadounidense |9 317168 | |
| 583 | |a last modification |c 20140123 03:57:41 |k Rodrigo Vera | ||
| 999 | |c 348416 |d 348414 | ||
| 952 | |0 0 |1 0 |4 0 |6 813_000000000000000_BOT_2009 |7 0 |8 A |9 450414 |a BIBING |b BIBING |d 2019-11-22 |i 4883950 |l 1 |o 813 BOT 2009 |p 4883950 |r 2025-01-20 |s 2023-11-29 |w 2019-11-22 |y BK |k CUI | ||